| 000 | 00650nam a22001937a 4500 | ||
|---|---|---|---|
| 005 | 20130916104017.0 | ||
| 010 | _aENG-108225 | ||
| 020 |
_a9788628041904 _c154.00 |
||
| 035 | _aEN-91758 | ||
| 037 | _bDBAD/PUB | ||
| 082 | _a658 | ||
| 100 | _aNaidu, S. Damodara | ||
| 245 | 1 | 0 |
_aManagement and organisational behaviour / _cby S. Damodara Naidu [and[ B. Sudhir |
| 260 |
_aHyderabad _bStudentshelpline Publishing House _c2010 |
||
| 270 |
_a7-1-276/A/106,Ist Floor, Sai Shayam Sadan,Lingaiah Nagar, S.R. Nagar _bHyderabad _e500038 |
||
| 300 |
_avarious pagings _c22cm(pbk) |
||
| 700 | _aSudhir, B. | ||
| 942 |
_2ddc _cEN _mNAI _h658 |
||
| 999 |
_c78173 _d78173 |
||